000
00296nam a2200121Ia 4500
008
190216s9999||||xx |||||||||||||| ||und||
100
_a
Damodharan K
245
0
_a
Keralacharithram
260
_b
Kerala Basha Inst
_c
1975
300
_a
320p
650
_a
Kerala History-Kerala History
942
_c
BK
999
_c
37501
_d
37501